| 000 | 01214nam a22001577a 4500 | ||
|---|---|---|---|
| 001 | 121260 | ||
| 008 | 141222s2022 |||||o|||| 00| 0 eng d | ||
| 245 | _aMaking the most out of England’s land | ||
| 260 |
_aUnited Kingdom, _bHouse of Lords, _c13 December 2022 |
||
| 490 |
_aHL Paper 105, _v2022 |
||
| 520 | _aFrom the House of Lords Land Use in England Committee. Recommendations on Land Use including the creation a Land Use Commission tasked with producing a land use framework to include factors such as food, nature, housing needs and the push for net zero. Also discusses the need for Government to provide clarity on the Environmental Land Management Schemes (ELMS) programme. Reforms are needed to support provision of green and open spaces and to make more effective use of Green Belt land for public access, nature and biodiversity. Strengthen the planning system to help support nature and agriculture alongside new development, and to encourage better cross-border working. | ||
| 650 | _aLAND | ||
| 690 |
_96251 _aLand use |
||
| 710 |
_93155 _aParliament House of Lords |
||
| 856 |
_uhttps://publications.parliament.uk/pa/ld5803/ldselect/ldland/105/105.pdf _zAvailable online on UK Parliament website |
||
| 999 |
_c121260 _d121260 |
||